Curso breve de Macroeconomía (Registro nro. 364)
[ vista simple ]
| 000 -LEADER | |
|---|---|
| fixed length control field | 01390 a2200265 4500 |
| 001 - CONTROL NUMBER | |
| control field | 3779 |
| 005 - DATE AND TIME OF LATEST TRANSACTION | |
| control field | 20260407155430.0 |
| 008 - FIXED-LENGTH DATA ELEMENTS--GENERAL INFORMATION | |
| fixed length control field | 260407a1995 arg spa d |
| 003 - CONTROL NUMBER IDENTIFIER | |
| control field | AR-UNSa-BCEJYS |
| 040 ## - CATALOGING SOURCE | |
| Original cataloging agency | AR-UNSa-BCEJYS |
| Language of cataloging | spa |
| Transcribing agency | AR-UNSa-BCEJYS |
| 080 ## - UNIVERSAL DECIMAL CLASSIFICATION NUMBER | |
| Universal Decimal Classification number | 330.101.541 |
| Common auxiliary subdivision | Macroeconomía |
| 020 ## - INTERNATIONAL STANDARD BOOK NUMBER | |
| International Standard Book Number | 84-481-1716-6 |
| 100 1# - MAIN ENTRY--PERSONAL NAME | |
| Personal name | Rabasco, María Esther |
| 245 10 - TITLE STATEMENT | |
| Title | Curso breve de Macroeconomía |
| 250 ## - EDITION STATEMENT | |
| Edition statement | 6a. ed. |
| 264 #1 - PRODUCTION, PUBLICATION, DISTRIBUTION, MANUFACTURE, AND COPYRIGHT NOTICE | |
| Place of production, publication, distribution, manufacture | Madrid : |
| Name of producer, publisher, distributor, manufacturer | McGraw-Hill |
| Date of production, publication, distribution, manufacture, or copyright notice | 1995 |
| 300 ## - PHYSICAL DESCRIPTION | |
| Extent | xix, 505 p. |
| Dimensions | 23 cm. |
| 505 ## - FORMATTED CONTENTS NOTE | |
| Formatted contents note | 1. Introducción - 2. La contabilidad nacional - 3. La renta y el gasto - 4. El dinero, el tipo de interés y la renta - 5. La política monetaria y la política fiscal - 6. Las relaciones internacionales - 7. La demanda y la oferta agregadas: una introducción - 8. La oferta agregada: los salarios, los precios y el empleo - 9. El enfoque del equilibrio con expectativas racionales - 10. El crecimiento a largo plazo y la productividad - 11. El ajuste y la interdependencia internacionales - Guía sobre el funcionamiento de PC-Macroeconomics, versión 2.0 |
| 590 ## - LOCAL NOTE (RLIN) | |
| Local note | niveau_biblio:m niveau_hierar:0 |
| 700 1# - ADDED ENTRY--PERSONAL NAME | |
| Personal name | Dornbusch, Rudiger |
| 700 1# - ADDED ENTRY--PERSONAL NAME | |
| Personal name | Fischer, Stanley |
| 700 1# - ADDED ENTRY--PERSONAL NAME | |
| Personal name | Toharia Cortés, Luis |
| 856 41 - ELECTRONIC LOCATION AND ACCESS | |
| Uniform Resource Identifier | <a href="https://biblioeco.unsa.edu.ar/pmb/images/libros/Macroeconom?a (Rudiger Dornbusch-Stanley Fischer).jpg">https://biblioeco.unsa.edu.ar/pmb/images/libros/Macroeconom?a (Rudiger Dornbusch-Stanley Fischer).jpg</a> |
| Link text | Imagen de portada |
| Electronic format type | image/jpeg |
| 942 ## - ADDED ENTRY ELEMENTS (KOHA) | |
| Koha item type | |
| Withdrawn status | Lost status | Damaged status | Not for loan | Home library | Current library | Shelving location | Date acquired | Total checkouts | Full call number | Barcode | Date last seen | Price effective from | Koha item type | Public note |
|---|---|---|---|---|---|---|---|---|---|---|---|---|---|---|
| Biblioteca Prof. Eusebio Cleto del Rey | Biblioteca Prof. Eusebio Cleto del Rey | 07/04/2026 | 330.101.541 D713c 6ed. | L70224 | 07/04/2026 | 07/04/2026 | Libro | |||||||
| Biblioteca Prof. Eusebio Cleto del Rey | Biblioteca Prof. Eusebio Cleto del Rey | 07/04/2026 | 330.101.541 D713c 6ed. | L70225 | 07/04/2026 | 07/04/2026 | Libro | |||||||
| Biblioteca Prof. Eusebio Cleto del Rey | Biblioteca Prof. Eusebio Cleto del Rey | 07/04/2026 | 330.101.541 D713c 6ed. | L70226 | 07/04/2026 | 07/04/2026 | Libro | |||||||
| Biblioteca Prof. Eusebio Cleto del Rey | Biblioteca Prof. Eusebio Cleto del Rey | 07/04/2026 | 330.101.541 D713c 6ed. | L87484 | 07/04/2026 | 07/04/2026 | Libro | TAPAS DOBLADAS - LÁPIZ - ÚLTIMA PÁGINA ROTA | ||||||
| Biblioteca Prof. Eusebio Cleto del Rey | Biblioteca Prof. Eusebio Cleto del Rey | 07/04/2026 | 330.101.541 D713c 6ed. | L127416 | 07/04/2026 | 07/04/2026 | Libro |